SPOTLIGHT BUSINESS STUDIES: LEARNER'S BOOK GRADE 10 (Record no. 216746)

MARC details
000 -LEADER
fixed length control field 00446nam a22001457a 4500
008 - FIXED-LENGTH DATA ELEMENTS--GENERAL INFORMATION
fixed length control field 260303b |||||||| |||| 00| 0 eng d
020 ## - INTERNATIONAL STANDARD BOOK NUMBER
International Standard Book Number WAKHU, JOSHUA
100 ## - MAIN ENTRY--PERSONAL NAME
Personal name WAKHU, JOSHUA
245 ## - TITLE STATEMENT
Title SPOTLIGHT BUSINESS STUDIES: LEARNER'S BOOK GRADE 10
260 ## - PUBLICATION, DISTRIBUTION, ETC.
Place of publication, distribution, etc. NAIROBI
Name of publisher, distributor, etc. SPOTLIGHT PUBLISHERS (EA) LIMITED
Date of publication, distribution, etc. 2025
300 ## - PHYSICAL DESCRIPTION
Extent IV, 196P.
650 ## - SUBJECT ADDED ENTRY
Topical term or geographic name entry element BUSINESS STUDIES-STUDY AND TEACHING (SECONDARY)
942 ## - ADDED ENTRY ELEMENTS (KOHA)
Source of classification or shelving scheme Library of Congress Classification
Koha item type Long Loan Book
Holdings
Withdrawn status Lost status Source of classification or shelving scheme Damaged status Not for loan Collection Home library Current library Date acquired Inventory number Total checkouts Full call number Barcode Date last seen Copy number Price effective from Koha item type
    Library of Congress Classification     Business & Economics Kisii University Library Kisii University Library 03/03/2026 112238   HF 1141 .S66 2025 V.10 A000352 03/03/2026 1 03/03/2026 Long Loan Book
    Library of Congress Classification     Business & Economics Kisii University Library Kisii University Library 03/03/2026 112239   HF 1141 .S66 2025 V.10 A000351 03/03/2026 2 03/03/2026 Long Loan Book
    Library of Congress Classification     Business & Economics Kisii University Library Kisii University Library 03/03/2026 112240   HF 1141 .S66 2025 V.10 A000354 03/03/2026 3 03/03/2026 Long Loan Book
    Library of Congress Classification     Business & Economics Kisii University Library Kisii University Library 03/03/2026 112241   HF 1141 .S66 2025 V.10 A000353 03/03/2026 4 03/03/2026 Long Loan Book
    Library of Congress Classification     Business & Economics Kisii University Library Kisii University Library 03/03/2026 112242   HF 1141 .S66 2025 V.10 A000356 03/03/2026 5 03/03/2026 Long Loan Book